El príncipe Caspián

Saved in:
Bibliografiske detaljer
Hovedforfatter: Lewis, C. S (Author)
Format: Bog
Sprog:spansk
Udgivet: Santiago Andrés Bello 1992
Udgivelse:4a. ed
Serier:Las crónicas de Narnia, 2
Fag:
Tags: Tilføj Tag
Ingen Tags, Vær først til at tagge denne postø!

MARC

LEADER 00000nam a2200000 a 4500
001 UCX8855
003 CL-VaPUC
008 940503e19920000CL |||||||||||||||||spa|d
082 0 4 |a 823  |b LEW  |2 21 
100 |a Lewis, C. S  |e author  |9 328236 
245 1 3 |a El príncipe Caspián 
250 |a 4a. ed 
300 |a 176 p 
942 |c BK 
945 |d 19940503 00:00:00  |a oaravena 
260 |a Santiago  |b Andrés Bello  |c 1992 
650 0 |a Cuento infantil inglés  |9 310546 
650 0 |a Cuentos ingleses  |9 265135 
583 |a last modification  |c 19940503 00:00:00  |k Rodrigo Vera 
490 0 |a Las crónicas de Narnia, 2 
999 |c 228247  |d 228245 
952 |0 0  |1 0  |4 0  |6 823_000000000000000_LEW_1992  |7 0  |8 A  |9 228093  |a BIBEDU  |b BIBEDU  |d 2019-11-15  |i 2976005  |o 823 LEW 1992  |p 2976005  |r 2019-11-15  |w 2019-11-15  |y BK  |k EDU